| 000 | 00372nam a2200121Ia 4500 | ||
|---|---|---|---|
| 008 | 150610s9999 xx 000 0 und d | ||
| 020 | _a9789710040759 | ||
| 050 |
_aBV 85 _b .IB12 2010 |
||
| 100 | _aIbanez, Rodolfo | ||
| 245 | 4 |
_aThe road to Emmaus / _cRodolfo G. Ibanez. |
|
| 260 |
_aMakati City : _bSt. Pauls, _c2010. |
||
| 300 |
_a290pages : _billustrations ; _c23 cm. |
||
| 999 |
_c288203 _d288203 |
||